AAVILAYILE SURYODAYAM (Record no. 4974)

MARC details
000 -LEADER
fixed length control field 00294nam a2200121Ia 4500
005 - DATE AND TIME OF LATEST TRANSACTION
control field 20250409180958.0
008 - FIXED-LENGTH DATA ELEMENTS--GENERAL INFORMATION
fixed length control field 250409s9999||||xx |||||||||||||| ||und||
100 ## - MAIN ENTRY--PERSONAL NAME
Personal name MUKUNDAN, M
245 #0 - TITLE STATEMENT
Title AAVILAYILE SURYODAYAM
260 ## - PUBLICATION, DISTRIBUTION, ETC.
Name of publisher, distributor, etc. D C BOOKS,
Place of publication, distribution, etc. KOTTAYAM:
650 ## - SUBJECT ADDED ENTRY--TOPICAL TERM
Form subdivision Malayalam Fiction
942 ## - ADDED ENTRY ELEMENTS (KOHA)
Koha item type BOOK
Holdings
Withdrawn status Lost status Damaged status Not for loan Collection Home library Current library Shelving location Date acquired Total checkouts Full call number Barcode Date last seen Price effective from Koha item type Public note
    Damage   Malayalam Fiction St.Dominics College Library St.Dominics College Library Damage 04/09/2025   894.8123 MUK 14948 04/09/2025 04/09/2025 BOOK This is found as Damaged in the Software